Inseguridad vial en Costa Rica
Αποθηκεύτηκε σε:
| Κύριος συγγραφέας: | |
|---|---|
| Μορφή: | Βιβλίο |
| Γλώσσα: | Spanish |
| Έκδοση: |
[San José, Costa Rica]
1994
|
| Ετικέτες: |
Προσθήκη ετικέτας
Δεν υπάρχουν, Καταχωρήστε ετικέτα πρώτοι!
|
MARC
| LEADER | 00000nam a2200000Ia 4500 | ||
|---|---|---|---|
| 003 | MV0119 | ||
| 005 | 20221231144010.0 | ||
| 008 | 140114s1994 cr a 000 ||spa d | ||
| 040 | |c cru CEDI | ||
| 090 | |a MV 119 | ||
| 100 | |a Pujol Mesalles, Rosendo |9 18047 | ||
| 245 | |a Inseguridad vial en Costa Rica | ||
| 260 | |a [San José, Costa Rica] |c 1994 | ||
| 300 | |a [11 páginas] | ||
| 942 | |c MX | ||
| 999 | |c 15409 |d 15409 | ||
